[Event "Dutch Open 2024"]
[Site "Velp, Netherlands"]
[Date "2024.07.31"]
[Round "8.6"]
[White "Weidemann, Jakob"]
[Black "Grooten, Herman"]
[Result "1-0"]
[WhiteElo "2142"]
[BlackElo "2211"]
[PlyCount "89"]
[[Date "2024.08.01"]]

1. e4 c6 2. d4 d5 3. e5 Bf5 4. h4 h5 5. Bd3 Bxd3 6. Qxd3 e6 7. Bg5 Qa5+ 8. Nd2
c5 9. dxc5 Nc6 10. Ngf3 Bxc5 11. O-O Qc7 12. c4 Nge7 13. cxd5 Nxd5 14. Ne4 Be7
15. Bxe7 Qxe7 16. Nd6+ Kf8 17. Qb3 Rd8 18. Ng5 Nf4 19. Ndxf7 Rd3 20. Qc2 Qd7
21. Nxh8 Qd5 22. Ng6+ Nxg6 23. Qc5+ Kg8 24. Qxd5 Rxd5 25. f4 Nxh4 26. Rad1 Rb5
27. Rf2 Nf5 28. Rd7 a5 29. Rfd2 g6 30. Nxe6 Rb4 31. Rc7 Nce7 32. Rdd7 Kf7 33.
Ng5+ Ke8 34. Rxb7 Rxf4 35. Rdc7 Rb4 36. Rxb4 axb4 37. a4 bxa3 38. bxa3 Nd5 39.
Rc5 Nfe7 40. e6 Nb6 41. Rb5 Nec8 42. Rb4 Kd8 43. a4 Nd5 44. Rb7 Nc7 45. Nf7+
1-0

[Event "Dutch Open 2024"]
[Site "Velp, Netherlands"]
[Date "2024.07.31"]
[Round "8.7"]
[White "Baselmans, Luuk"]
[Black "Vos, Tjark"]
[Result "1-0"]
[WhiteElo "2345"]
[BlackElo "2170"]
[PlyCount "47"]
[[Date "2024.08.01"]]

1. e4 c5 2. Nf3 e6 3. d4 cxd4 4. Nxd4 Nc6 5. Nc3 Qc7 6. Be3 a6 7. Qf3 Nf6 8.
O-O-O Ne5 9. Qg3 b5 10. f4 Neg4 11. e5 Nxe3 12. Qxe3 b4 13. Ncb5 axb5 14. Nxb5
Qb8 15. exf6 gxf6 16. Kb1 Ra5 17. Rd5 Kd8 18. Rh5 Ba6 19. Qd4 Be7 20. Na7 Rxh5
21. Nc6+ Kc7 22. Nxb8 Bxf1 23. Qa7+ Kc8 24. Nxd7 1-0

[Event "Dutch Open 2024"]
[Site "Velp, Netherlands"]
[Date "2024.07.31"]
[Round "8.8"]
[White "Ritzerveld, Noah"]
[Black "Shakhverdian, William"]
[Result "1-0"]
[WhiteElo "2181"]
[BlackElo "2157"]
[PlyCount "51"]
[[Date "2024.08.01"]]

1. e4 e5 2. Nf3 Nc6 3. Bc4 Bc5 4. c3 Nf6 5. d3 a5 6. O-O d6 7. Re1 O-O 8. h3 h6
9. Nbd2 a4 10. Bb5 Bd7 11. Nf1 Ne7 12. Bxd7 Nxd7 13. d4 Bb6 14. Ne3 f5 15. exf5
Nxf5 16. dxe5 Nh4 17. Nxh4 Qxh4 18. exd6 Qxf2+ 19. Kh1 Qg3 20. Qd5+ Kh8 21. Bd2
Ra5 22. Qe6 Rf2 23. Qxd7 Rxd2 24. Qe8+ Kh7 25. Qe4+ Kg8 26. Nf1 1-0

[Event "Dutch Open 2024"]
[Site "Velp, Netherlands"]
[Date "2024.07.31"]
[Round "8.9"]
[White "Labruyere, Roger"]
[Black "Schuricht, Emil Frederick"]
[Result "1-0"]
[WhiteElo "2170"]
[BlackElo "1973"]
[PlyCount "141"]
[[Date "2024.08.01"]]

1. e4 c6 2. d4 d5 3. e5 Bf5 4. h4 h5 5. Bd3 Bxd3 6. Qxd3 Qa5+ 7. Nd2 e6 8. Ngf3
Qa6 9. c4 Ne7 10. O-O Nf5 11. b3 Be7 12. g3 O-O 13. Qc2 Rd8 14. Bb2 Nd7 15. a4
Qa5 16. Rac1 Rac8 17. Bc3 Bb4 18. Bxb4 Qxb4 19. cxd5 cxd5 20. Qxc8 Rxc8 21.
Rxc8+ Nf8 22. Rfc1 Nxd4 23. Nxd4 Qxd4 24. Nf3 Qe4 25. Ng5 Qg4 26. Re8 f6 27.
Nxe6 Kf7 28. Rxf8+ Kxe6 29. exf6 gxf6 30. Re1+ Kf5 31. Kg2 Qb4 32. Ree8 d4 33.
Rd8 d3 34. Rfe8 Qxb3 35. Rd4 Qc2 36. Re3 Qc6+ 37. Rf3+ Kg6 38. a5 Qc3 39. Rd5
Qb4 40. Rfxd3 Qe4+ 41. Kh2 Qe1 42. Rd2 a6 43. Rb2 Qc3 44. Rbd2 Qa3 45. R2d3 Qa2
46. Kg2 Qc4 47. R3d4 Qc6 48. Kh2 Qe6 49. Rc5 Qe7 50. Rdd5 Qe2 51. Rf5 Qd2 52.
Rf4 Qd3 53. Kg2 Qd1 54. Rcf5 Kg7 55. Rxf6 Qd5+ 56. Rf3 Qxa5 57. Rf7+ Kg8 58.
Rxb7 Qd5 59. Rbb3 a5 60. Kh2 Qc5 61. Ra3 Qd5 62. Rf4 Qc5 63. Ra2 Kg7 64. Rfa4
Qd5 65. Rxa5 Qd1 66. Rg5+ Kf6 67. Ra6+ Kf7 68. Raa5 Qd2 69. Raf5+ Ke6 70. Rxh5
Qe2 71. Re5+ 1-0

[Event "Dutch Open 2024"]
[Site "Velp, Netherlands"]
[Date "2024.07.31"]
[Round "8.10"]
[White "Odendahl, Reiner"]
[Black "Smid, Jelle"]
[Result "1-0"]
[WhiteElo "2274"]
[BlackElo "2080"]
[PlyCount "77"]
[[Date "2024.08.01"]]

1. c4 e6 2. g3 d5 3. Bg2 Nf6 4. Nf3 Be7 5. d4 O-O 6. O-O c6 7. Qc2 b6 8. Rd1
Bb7 9. b3 Na6 10. Nc3 Rc8 11. e4 c5 12. exd5 exd5 13. Bb2 dxc4 14. d5 cxb3 15.
axb3 Bd6 16. Qb1 Ra8 17. Nb5 Ne8 18. h4 f6 19. Bf1 Nec7 20. Nxd6 Qxd6 21. Bd3
h5 22. Bh7+ Kf7 23. Qg6+ Ke7 24. Ng5 Bxd5 25. Qxg7+ Kd8 26. Ne4 Qe7 27. Bxf6
Rxf6 28. Qxf6 Nb4 29. Bf5 Nc2 30. Qh8+ Qe8 31. Qg7 Qe7 32. Qg8+ Qe8 33. Rxd5+
Nxd5 34. Qxd5+ Kc7 35. Qd6+ Kb7 36. Nf6 Rd8 37. Nxe8 Rxd6 38. Nxd6+ Kc6 39.
Bxc2 1-0

[Event "Dutch Open 2024"]
[Site "Velp, Netherlands"]
[Date "2024.07.31"]
[Round "8.11"]
[White "Van Foreest, Machteld"]
[Black "Kurt, Sascha"]
[Result "1-0"]
[WhiteElo "2272"]
[BlackElo "2071"]
[PlyCount "55"]
[[Date "2024.08.01"]]

1. e4 c5 2. Nf3 d6 3. Nc3 a6 4. g3 g6 5. Bg2 b5 6. d4 Bg7 7. dxc5 dxc5 8. Qxd8+
Kxd8 9. Be3 Bxc3+ 10. bxc3 Nd7 11. Ng5 Ke8 12. e5 Ra7 13. O-O-O h6 14. Ne4 Rc7
15. f4 f5 16. Nf2 Nf8 17. Nd3 Ne6 18. Bd5 c4 19. Nb4 Nc5 20. e6 Na4 21. Bd4 Nf6
22. Be5 Rc5 23. Bc6+ Kf8 24. Rd8+ Kg7 25. Bxf6+ Kxf6 26. Rxh8 Bxe6 27. Bf3 a5
28. Na6 1-0

[Event "Dutch Open 2024"]
[Site "Velp, Netherlands"]
[Date "2024.07.31"]
[Round "8.12"]
[White "Kazarjan, Gachatur"]
[Black "Van de Pavoordt, Max"]
[Result "1-0"]
[WhiteElo "2174"]
[BlackElo "2044"]
[PlyCount "59"]
[[Date "2024.08.01"]]

1. e4 e6 2. d4 d5 3. Nd2 Nf6 4. e5 Nfd7 5. c3 c5 6. f4 Nc6 7. Ndf3 Qb6 8. a3 g6
9. b4 cxd4 10. cxd4 Bg7 11. h4 h5 12. Ne2 a5 13. b5 Qxb5 14. Nc3 Qb6 15. Nb5
Bf8 16. Qc2 Ndb8 17. Rb1 Qd8 18. Bd3 Na6 19. Ng5 Rh6 20. Nxe6 fxe6 21. Bxg6+
Kd7 22. f5 Rxg6 23. fxg6 Nc7 24. O-O Nxb5 25. Rf7+ Be7 26. Rxb5 Nxd4 27. Qc5
Nf5 28. Bg5 Ra6 29. Bxe7 Nxe7 30. g7 1-0

[Event "Dutch Open 2024"]
[Site "Velp, Netherlands"]
[Date "2024.07.31"]
[Round "8.13"]
[White "Hng, Mei-Xian Eunice"]
[Black "Bakija, Alan"]
[Result "0-1"]
[WhiteElo "2036"]
[BlackElo "2171"]
[PlyCount "146"]
[[Date "2024.08.01"]]

1. e4 e6 2. d4 d5 3. Nc3 Be7 4. Nf3 Nf6 5. Bd3 c5 6. exd5 exd5 7. dxc5 O-O 8.
h3 Nbd7 9. O-O Nxc5 10. Be3 Nce4 11. Nb5 Bf5 12. Nbd4 Bg6 13. c3 Re8 14. Qc2
Rc8 15. Nh4 Bd6 16. Nxg6 hxg6 17. Rfe1 Bb8 18. Bxe4 dxe4 19. Rad1 Qc7 20. g3
Qa5 21. Qb3 Qh5 22. Kg2 b6 23. Qb5 Nd5 24. Qe2 Qe5 25. Nb3 f5 26. Bd4 Qe6 27.
Nd2 Kh7 28. a3 Qc6 29. Kh2 Qc7 30. Nf1 Rcd8 31. c4 Ne7 32. Be3 Nc6 33. Bf4 Qc8
34. Bxb8 Qxb8 35. Rd5 Rxd5 36. cxd5 Nd4 37. Qe3 Nf3+ 38. Kg2 Nxe1+ 39. Qxe1 Qe5
40. Qd2 Rd8 41. Ne3 g5 42. Qd1 Kg6 43. g4 f4 44. Nf5 Kf6 45. Qa4 Rxd5 46. Qc6+
Qe6 47. Qc3+ Re5 48. Qc7 Qf7 49. Qd6+ Re6 50. Qd8+ Kg6 51. h4 Kh7 52. Qxg5 Qg6
53. Qxf4 Qf6 54. h5 Qe5 55. Qd2 Rf6 56. Qd7 Rf8 57. h6 Rxf5 58. Qxf5+ Qxf5 59.
gxf5 Kxh6 60. f4 Kh5 61. Kg3 b5 62. b4 a6 63. Kh3 e3 64. Kg3 e2 65. Kf2 Kg4 66.
Kxe2 Kxf4 67. Kd3 Kxf5 68. Kd4 g5 69. Kc5 g4 70. Kb6 g3 71. Kxa6 g2 72. Kxb5
g1=Q 73. a4 Qa7 0-1

[Event "Dutch Open 2024"]
[Site "Velp, Netherlands"]
[Date "2024.07.31"]
[Round "8.14"]
[White "Aarav Sarbalia"]
[Black "Grooten, Tommy"]
[Result "1-0"]
[WhiteElo "2042"]
[BlackElo "2146"]
[PlyCount "83"]
[[Date "2024.08.01"]]

1. e4 c5 2. Nf3 e6 3. d4 cxd4 4. Nxd4 Nf6 5. Nc3 d6 6. g4 h6 7. h4 Nc6 8. g5
hxg5 9. Bxg5 Be7 10. Nxc6 bxc6 11. Qf3 Qb6 12. O-O-O Rb8 13. b3 Qc5 14. Kb1 a5
15. Bc1 Qh5 16. Qg3 Qg6 17. Qxg6 fxg6 18. e5 dxe5 19. Bd3 Kf7 20. Rdg1 e4 21.
Nxe4 Nxe4 22. Bxe4 e5 23. Bxg6+ Ke6 24. h5 Bf6 25. Be4 Bb7 26. f4 c5 27. Bxb7
Rxb7 28. fxe5 Kxe5 29. h6 gxh6 30. Bb2+ Ke6 31. Rg6 Rf7 32. Rhxh6 Rxh6 33. Rxh6
Ke7 34. Rxf6 Rxf6 35. Bxf6+ Kxf6 36. Kb2 Ke5 37. Ka3 Kd4 38. c4 Kc3 39. Ka4 Kb2
40. Kxa5 Kxa2 41. b4 cxb4 42. Kxb4 1-0

[Event "Dutch Open 2024"]
[Site "Velp, Netherlands"]
[Date "2024.07.31"]
[Round "8.15"]
[White "Zwirs, Jasper"]
[Black "Koster, Chiel"]
[Result "1/2-1/2"]
[WhiteElo "2088"]
[BlackElo "2058"]
[PlyCount "50"]
[[Date "2024.08.01"]]

1. d4 Nf6 2. Nc3 d5 3. Bf4 a6 4. e3 Bf5 5. Nf3 e6 6. Ne5 h6 7. Bd3 Bxd3 8. cxd3
Nbd7 9. O-O c5 10. dxc5 Bxc5 11. Qb3 d4 12. Nxd7 Qxd7 13. exd4 Bxd4 14. Ne4 O-O
15. Nxf6+ Bxf6 16. Rfd1 Rfd8 17. Rac1 b5 18. Be3 Qd5 19. Qa3 a5 20. b3 a4 21.
Qb4 axb3 22. axb3 Qh5 23. h3 Rd5 24. Qe4 Qe5 25. Qxe5 Bxe5 1/2-1/2

[Event "Dutch Open 2024"]
[Site "Velp, Netherlands"]
[Date "2024.07.31"]
[Round "8.16"]
[White "Zecha, Oscar"]
[Black "Goudriaan, Rafael"]
[Result "1/2-1/2"]
[WhiteElo "1999"]
[BlackElo "2028"]
[PlyCount "96"]
[[Date "2024.08.01"]]

1. e4 e6 2. d4 d5 3. e5 c5 4. c3 Ne7 5. Nf3 Nec6 6. a3 Nd7 7. b4 cxd4 8. cxd4
Be7 9. Bd3 O-O 10. Qc2 f5 11. h4 Qb6 12. Qb2 Rd8 13. Bg5 Nf8 14. Nbd2 Bd7 15.
Rc1 Bxg5 16. hxg5 Ne7 17. Nb3 Bb5 18. Qe2 Bxd3 19. Qxd3 Rdc8 20. Kd2 Rxc1 21.
Rxc1 Rc8 22. Rxc8 Nxc8 23. Qc3 Qd8 24. Na5 b6 25. Nc6 Qd7 26. Ng1 Ng6 27. Ne2
Nce7 28. Nxe7+ Qxe7 29. Qc8+ Nf8 30. f4 Qd7 31. Qa6 Ng6 32. g3 Ne7 33. Nc3 Nc8
34. Qe2 Qc6 35. Qh5 g6 36. Qe2 Qb7 37. Qb5 Kf7 38. Na4 a6 39. Qd3 b5 40. Nc5
Qc6 41. a4 Nb6 42. a5 Nd7 43. Nxd7 Qxd7 44. Qc3 Ke8 45. Qc5 Kf7 46. Ke3 Qb7 47.
Qb6 Qc8 48. Qa7+ Ke8 1/2-1/2

[Event "Dutch Open 2024"]
[Site "Velp, Netherlands"]
[Date "2024.07.31"]
[Round "8.17"]
[White "Stillger, Bernhard"]
[Black "Van Foreest, Nanne"]
[Result "1/2-1/2"]
[WhiteElo "2263"]
[BlackElo "1985"]
[PlyCount "144"]
[[Date "2024.08.01"]]

1. Nf3 Nf6 2. c4 e6 3. g3 b6 4. Bg2 Bb7 5. O-O Be7 6. d4 O-O 7. d5 exd5 8. Nh4
c6 9. cxd5 Nxd5 10. Nf5 Nc7 11. Nc3 Ne6 12. e4 Na6 13. Qg4 Re8 14. Bh6 Bf8 15.
Rad1 Kh8 16. Be3 Qc7 17. Rd2 g6 18. Nh6 d6 19. Qh3 Bc8 20. Qh4 Qe7 21. Qxe7
Rxe7 22. Rxd6 Rc7 23. Rd2 Kg7 24. Ng4 Nac5 25. Rfd1 b5 26. e5 Bb7 27. b4 Na6
28. Bh6+ Kh8 29. Bxf8 Rxf8 30. a3 Nb8 31. Nf6 a6 32. Nce4 c5 33. Nxc5 Nxc5 34.
bxc5 Bxg2 35. Kxg2 Rxc5 36. f4 Kg7 37. h4 h5 38. Rd8 Nc6 39. Rxf8 Rc2+ 40. Kh3
Kxf8 41. Rd7 a5 42. Ne4 b4 43. axb4 axb4 44. Nd6 Ne7 45. Rb7 Rb2 46. Rb5 Kg7
47. Ne8+ Kf8 48. Nf6 Kg7 49. Rb8 Nf5 50. Rg8+ Kh6 51. Rh8+ Kg7 52. Rg8+ Kh6 53.
Ne4 Kh7 54. Rb8 Ne3 55. Nf6+ Kg7 56. Rg8+ Kh6 57. g4 hxg4+ 58. Nxg4+ Nxg4 59.
Kxg4 Rc2 60. Rb8 Rc4 61. Rb7 Kg7 62. e6 Kf6 63. exf7 Kg7 64. f8=Q+ Kxf8 65. Kg5
Rd4 66. h5 gxh5 67. f5 Rd6 68. Rxb4 Kf7 69. Rb7+ Kf8 70. Kxh5 Ra6 71. Kg5 Rc6
72. f6 Rc1 1/2-1/2

[Event "Dutch Open 2024"]
[Site "Velp, Netherlands"]
[Date "2024.07.31"]
[Round "8.18"]
[White "Saketh, Pedagandham"]
[Black "Hng, Mei-En Emmanuelle"]
[Result "1-0"]
[WhiteElo "2051"]
[BlackElo "2144"]
[PlyCount "105"]
[[Date "2024.08.01"]]

1. e4 d6 2. d4 Nf6 3. Bd3 g6 4. Nf3 Bg7 5. O-O O-O 6. Re1 c5 7. c3 Bg4 8. Nbd2
Nc6 9. h3 Bxf3 10. Nxf3 cxd4 11. cxd4 Rc8 12. Be3 d5 13. e5 Ne4 14. Nd2 Nxd2
15. Qxd2 f6 16. f4 e6 17. Rac1 Bh6 18. g3 Qb6 19. Bb1 fxe5 20. dxe5 d4 21. Bf2
Rfd8 22. h4 Bf8 23. a3 Rc7 24. h5 Rg7 25. hxg6 hxg6 26. Red1 Qb3 27. Qe2 Be7
28. Rd3 Qd5 29. b4 Rh7 30. Qf3 Qxf3 31. Rxf3 Rg7 32. Ba2 Kf7 33. Rd1 a6 34. Kg2
Rh7 35. Rfd3 Rdh8 36. Bb3 Rh2+ 37. Kf3 g5 38. Bxd4 gxf4 39. Kxf4 Nxd4 40. Rxd4
R8h5 41. Re4 Rf5+ 42. Kg4 Rg5+ 43. Kf3 Rf5+ 44. Rf4 Rxf4+ 45. Kxf4 Rb2 46. Rd3
b6 47. Rf3 a5 48. bxa5 bxa5 49. Ke4+ Ke8 50. Bxe6 Re2+ 51. Kf5 Bc5 52. Bc4 Bd4
53. Bxe2 1-0

[Event "Dutch Open 2024"]
[Site "Velp, Netherlands"]
[Date "2024.07.31"]
[Round "8.19"]
[White "Wink, Luka"]
[Black "Schroeder, Lennart"]
[Result "1/2-1/2"]
[WhiteElo "2066"]
[BlackElo "2146"]
[PlyCount "61"]
[[Date "2024.08.01"]]

1. e4 c5 2. Nf3 Nc6 3. d4 cxd4 4. Nxd4 e5 5. Nb5 d6 6. c4 Be6 7. N1c3 a6 8. Na3
g6 9. Nc2 Bg7 10. Bd3 Nf6 11. O-O O-O 12. Bg5 h6 13. Bh4 Rc8 14. Qd2 g5 15. Bg3
Nh5 16. Ne3 Nd4 17. Ncd5 Nf4 18. f3 Bxd5 19. Nxd5 Nxd5 20. cxd5 Qb6 21. Bf2 Rc7
22. Rac1 Rfc8 23. Kh1 Bf6 24. Be3 Kf8 25. Rc3 Bd8 26. g3 Qa5 27. Rxc7 Bxc7 28.
Qxa5 Bxa5 29. f4 Bd8 30. fxe5 dxe5 31. Rc1 1/2-1/2

[Event "Dutch Open 2024"]
[Site "Velp, Netherlands"]
[Date "2024.07.31"]
[Round "8.20"]
[White "Aravindhan, Achyuth"]
[Black "Evengroen, Jan"]
[Result "1-0"]
[WhiteElo "2094"]
[BlackElo "2176"]
[PlyCount "81"]
[[Date "2024.08.01"]]

1. e4 e6 2. d4 d5 3. Nd2 c5 4. Ngf3 Nc6 5. exd5 exd5 6. Bb5 Bd6 7. dxc5 Bxc5 8.
O-O Nge7 9. Nb3 Bb6 10. c3 O-O 11. Re1 Bf5 12. Be3 Be4 13. Bxb6 Qxb6 14. Bd3
Rfd8 15. Ng5 Ng6 16. Bxe4 dxe4 17. Qh5 Rd5 18. Qxh7+ Kf8 19. Ne6+ Ke7 20. Nf4
Nxf4 21. Qxe4+ Kf8 22. Qxf4 a5 23. Qe4 Rd6 24. Qc2 Rh6 25. Nd2 a4 26. Re4 Nd8
27. Rae1 Ne6 28. Nf1 Ra5 29. Qd2 Rb5 30. R1e2 g5 31. g3 Rf6 32. Ne3 Qc6 33. Ng4
Rd5 34. Qc2 Rff5 35. Ne3 Rc5 36. Nxf5 Rxf5 37. Qxa4 Qd5 38. Qc4 Qd1+ 39. Kg2
Rd5 40. Re1 Qd2 41. R1e2 1-0

[Event "Dutch Open 2024"]
[Site "Velp, Netherlands"]
[Date "2024.07.31"]
[Round "8.21"]
[White "Gortemaker, Lucas"]
[Black "Dordevic, Tom"]
[Result "0-1"]
[WhiteElo "2097"]
[BlackElo "2133"]
[PlyCount "84"]
[[Date "2024.08.01"]]

1. e4 c5 2. Nf3 d6 3. Bb5+ Nd7 4. O-O a6 5. Bd3 Ngf6 6. c3 b5 7. Bc2 Bb7 8. Re1
c4 9. a4 e6 10. d4 cxd3 11. Qxd3 Nc5 12. Qe2 bxa4 13. e5 dxe5 14. Nxe5 Qd5 15.
f3 Bd6 16. Nc4 Bc7 17. Rd1 Qh5 18. Nd6+ Bxd6 19. Rxd6 O-O 20. Be3 Qe5 21. Qf2
Nce4 22. fxe4 Qxd6 23. Bc5 Qc7 24. Bb6 Qb8 25. e5 Ng4 26. Qd4 Qxe5 27. Qxe5
Nxe5 28. Rxa4 Bc6 29. Rh4 g6 30. Bc7 Nd7 31. Nd2 Rac8 32. Bd6 Rfd8 33. Be7 Re8
34. Bd6 Nb6 35. c4 Rcd8 36. c5 Nc8 37. Nc4 Bb5 38. Bc7 Rd5 39. b4 g5 40. Re4 f5
41. Rxe6 Rxe6 42. Bb3 Rd3 0-1

[Event "Dutch Open 2024"]
[Site "Velp, Netherlands"]
[Date "2024.07.31"]
[Round "8.22"]
[White "Van Kuijk, Vadim"]
[Black "Op den Dries, Johan"]
[Result "0-1"]
[WhiteElo "2131"]
[BlackElo "2120"]
[PlyCount "76"]
[[Date "2024.08.01"]]

1. e4 d5 2. exd5 Nf6 3. Nf3 Nxd5 4. d4 Bg4 5. c4 Bxf3 6. Qxf3 Nb4 7. Na3 N8c6
8. Be3 e5 9. d5 Nd4 10. Bxd4 exd4 11. Be2 Bc5 12. O-O O-O 13. Rad1 a6 14. Nb1
Nxa2 15. Nd2 Qe7 16. Bd3 Rae8 17. Qh3 g6 18. Nb3 Nb4 19. Bb1 b6 20. Nxd4 Qf6
21. Nb3 Qxb2 22. Nxc5 bxc5 23. Qd7 Qe5 24. f4 Qe7 25. Qa4 Qe2 26. f5 Qxc4 27.
Qa3 Qe2 28. Kh1 Qe3 29. Qa5 Re7 30. d6 cxd6 31. Rxd6 Rfe8 32. fxg6 hxg6 33. Qb6
Re6 34. Rxe6 Rxe6 35. Qc7 Qf2 36. Qd8+ Kg7 37. Qd1 Qe3 38. Qd7 Rf6 0-1

[Event "Dutch Open 2024"]
[Site "Velp, Netherlands"]
[Date "2024.07.31"]
[Round "8.23"]
[White "Vosselman, Jan"]
[Black "Bus, Tom"]
[Result "0-1"]
[WhiteElo "2094"]
[BlackElo "2082"]
[PlyCount "52"]
[[Date "2024.08.01"]]

1. d4 Nf6 2. c4 c5 3. d5 b5 4. cxb5 a6 5. bxa6 g6 6. Nc3 Bxa6 7. e4 Bxf1 8.
Kxf1 d6 9. g4 Qc8 10. g5 Nh5 11. Kg2 Bg7 12. h3 O-O 13. Nge2 Nd7 14. f4 Qa6 15.
Ng3 Nxg3 16. Kxg3 Rfb8 17. Rh2 Rb4 18. Qe2 Qc4 19. Qxc4 Rxc4 20. Kf3 Bxc3 21.
Rc2 Bxb2 22. Rxb2 Rc3+ 23. Kg2 c4 24. Rb7 Nc5 25. Rxe7 Nb3 26. axb3 Rxa1 0-1

[Event "Dutch Open 2024"]
[Site "Velp, Netherlands"]
[Date "2024.07.31"]
[Round "8.24"]
[White "Smit, Manuel"]
[Black "Blok, Xaveer"]
[Result "1/2-1/2"]
[WhiteElo "1969"]
[BlackElo "1885"]
[PlyCount "134"]
[[Date "2024.08.01"]]

1. e4 c5 2. Nc3 d6 3. g3 Nc6 4. Bg2 g6 5. d3 Bg7 6. Be3 e6 7. Nh3 Nge7 8. Qd2
h5 9. O-O a6 10. Rae1 b5 11. f4 b4 12. Nd1 O-O 13. f5 exf5 14. Bh6 Qc7 15. Bxg7
Kxg7 16. Qg5 f6 17. Qh4 fxe4 18. dxe4 g5 19. Nxg5 Ng6 20. Qxh5 Rh8 21. Qf3 fxg5
22. e5 dxe5 23. Qf6+ Kh6 24. Qxc6 Qxc6 25. Bxc6 Ra7 26. Be4 Rf8 27. Ne3 Be6 28.
Rxf8 Nxf8 29. g4 Kg7 30. Kg2 Ng6 31. Kg3 Re7 32. Bf5 Nf4 33. a3 Rd7 34. axb4
cxb4 35. Ra1 Rd6 36. Ra4 b3 37. cxb3 Bxb3 38. Ra5 Rd2 39. Rxe5 Rxb2 40. h4 Ne2+
41. Kf3 gxh4 42. g5 Ng1+ 43. Kg4 h3 44. Be4 h2 45. Nf5+ Kh8 46. g6 Re2 47. Ng3
Rf2 48. Nh1 Bd1+ 49. Kg3 Rd2 50. Rf5 Kg8 51. Kh4 Bc2 52. Bxc2 Rxc2 53. Kg5 Nh3+
54. Kh6 Rc4 55. Rh5 Nf4 56. Rh4 Rd4 57. Nf2 Ne6 58. Rh3 Nf8 59. Rxh2 Rd2 60.
Rg2 a5 61. g7 Nd7 62. Rg5 Rxf2 63. Rxa5 Rf6+ 64. Kg5 Kxg7 65. Ra7 Rf7 66. Ra8
Ne5 67. Ra5 Nf3+ 1/2-1/2

[Event "Dutch Open 2024"]
[Site "Velp, Netherlands"]
[Date "2024.08.01"]
[Round "9.1"]
[White "Maatman, Nick"]
[Black "De Winter, Arthur"]
[Result "1/2-1/2"]
[WhiteElo "2383"]
[BlackElo "2411"]
[PlyCount "52"]
[[Date "2024.08.01"]]

1. c4 e6 2. Nc3 d5 3. d4 Nf6 4. Bg5 Be7 5. cxd5 exd5 6. e3 c6 7. Bd3 h6 8. Bf4
O-O 9. h3 c5 10. dxc5 Bxc5 11. Nf3 Nc6 12. O-O Re8 13. Rc1 a6 14. Ne2 Qb6 15.
Bc7 Qxc7 16. Rxc5 Qb6 17. Rc3 Qxb2 18. Qb1 Qb4 19. Nfd4 Qd6 20. Rfc1 Na5 21.
Nb3 Nc6 22. Nbd4 Ne5 23. Bf5 Nc4 24. Bxc8 Raxc8 25. Qxb7 Ne4 26. R3c2 Rc7
1/2-1/2

[Event "Dutch Open 2024"]
[Site "Velp, Netherlands"]
[Date "2024.08.01"]
[Round "9.2"]
[White "Beerdsen, Thomas"]
[Black "Weidemann, Jakob"]
[Result "1/2-1/2"]
[WhiteElo "2510"]
[BlackElo "2142"]
[PlyCount "57"]
[[Date "2024.08.01"]]

1. e4 c5 2. Nf3 Nc6 3. Bb5 e6 4. O-O Nge7 5. Re1 a6 6. Bf1 d5 7. d3 dxe4 8.
dxe4 Qxd1 9. Rxd1 Ng6 10. a4 Be7 11. Na3 e5 12. Nc4 Bg4 13. c3 Nh4 14. Be2 f5
15. Kf1 Nxf3 16. Bxf3 Bxf3 17. gxf3 f4 18. Rd5 Rd8 19. Ke2 Rf8 20. a5 Rf6 21.
b3 Rh6 22. Nxe5 Rxd5 23. Nxc6 bxc6 24. exd5 cxd5 25. Bxf4 Re6+ 26. Kf1 Bf6 27.
Rd1 c4 28. bxc4 dxc4 29. Rd5 1/2-1/2

[Event "Dutch Open 2024"]
[Site "Velp, Netherlands"]
[Date "2024.08.01"]
[Round "9.4"]
[White "Van Rootselaar, Rik"]
[Black "Labruyere, Roger"]
[Result "1-0"]
[WhiteElo "2152"]
[BlackElo "2170"]
[PlyCount "121"]
[[Date "2024.08.01"]]

1. d4 Nf6 2. c4 e6 3. Nf3 d5 4. g3 dxc4 5. Bg2 a6 6. O-O Nc6 7. Nbd2 Nxd4 8.
Nxc4 Nxf3+ 9. Bxf3 Qxd1 10. Rxd1 Be7 11. Na5 Nd5 12. e4 Bb4 13. Bd2 Bxd2 14.
Rxd2 Ne7 15. Rc1 c6 16. Rcd1 O-O 17. Nxb7 Bxb7 18. Rd7 Ng6 19. Rxb7 Rab8 20.
Rxb8 Rxb8 21. b3 Kf8 22. Rd4 a5 23. Ra4 Rb5 24. Kg2 Ke7 25. Be2 Rc5 26. Kf3 h5
27. Ke3 h4 28. Kd2 hxg3 29. hxg3 Ne5 30. a3 Nd7 31. b4 axb4 32. axb4 Re5 33.
Bd3 Rh5 34. Ra6 Rh2 35. Ke3 Ne5 36. Be2 g5 37. f4 gxf4+ 38. gxf4 Rh3+ 39. Kd4
Ng6 40. Rxc6 Nxf4 41. Bc4 Rh8 42. b5 Rd8+ 43. Kc5 Ng6 44. b6 Rd7 45. Bb5 Kf6
46. Rc8 Re7 47. Ba6 Ne5 48. b7 Nd7+ 49. Kd6 e5 50. Rd8 Nb8 51. Rxb8 Re6+ 52.
Kc5 Rxa6 53. Ra8 Re6 54. b8=Q Kg5 55. Qg8+ Kf6 56. Qh8+ Kg5 57. Rg8+ Rg6 58.
Qxe5+ Kg4 59. Qf5+ Kg3 60. Qxf7 Rg4 61. Rxg4+ 1-0

[Event "Dutch Open 2024"]
[Site "Velp, Netherlands"]
[Date "2024.08.01"]
[Round "9.5"]
[White "Leenhouts, Koen"]
[Black "Baselmans, Luuk"]
[Result "1-0"]
[WhiteElo "2454"]
[BlackElo "2345"]
[PlyCount "55"]
[[Date "2024.08.01"]]

1. d4 Nf6 2. c4 e6 3. Nc3 Bb4 4. f3 c5 5. d5 b5 6. e4 O-O 7. e5 Ne8 8. f4 exd5
9. cxd5 d6 10. Nf3 c4 11. a4 dxe5 12. fxe5 Bg4 13. Be2 Nd7 14. Bf4 Qb6 15. d6
bxa4 16. Rxa4 Rc8 17. Qd2 Nc5 18. Rxb4 Qxb4 19. O-O Rd8 20. Ng5 Be6 21. Nd5
Qxd2 22. Ne7+ Kh8 23. Bxd2 Nd7 24. Bc3 Rb8 25. Rf4 Nef6 26. exf6 Nxf6 27. Rxf6
gxf6 28. Bxf6# 1-0

[Event "Dutch Open 2024"]
[Site "Velp, Netherlands"]
[Date "2024.08.01"]
[Round "9.6"]
[White "Ritzerveld, Noah"]
[Black "De Boer, Eelke"]
[Result "0-1"]
[WhiteElo "2181"]
[BlackElo "2384"]
[PlyCount "66"]
[[Date "2024.08.01"]]

1. e4 c5 2. Nf3 d6 3. d4 cxd4 4. Nxd4 Nf6 5. Nc3 a6 6. Be3 e6 7. f3 h5 8. Qd2
Be7 9. O-O-O b5 10. Kb1 Bb7 11. Bd3 Nbd7 12. h3 b4 13. Nce2 d5 14. exd5 Nxd5
15. Nf4 Nxf4 16. Bxf4 O-O 17. Qe1 Bd5 18. Be4 Bxe4 19. Qxe4 Nc5 20. Qe5 Qb6 21.
Qxh5 Bf6 22. Bg5 Bxg5 23. Qxg5 a5 24. h4 Rfd8 25. h5 Rd5 26. Qh4 Qd8 27. Kc1
Qxh4 28. Rxh4 Rad8 29. h6 gxh6 30. Rg4+ Kh7 31. Rf4 e5 32. Rxf7+ Kg6 33. Ra7
exd4 0-1

[Event "Dutch Open 2024"]
[Site "Velp, Netherlands"]
[Date "2024.08.01"]
[Round "9.7"]
[White "Slagboom, Leandro"]
[Black "Kazarjan, Gachatur"]
[Result "1-0"]
[WhiteElo "2331"]
[BlackElo "2174"]
[PlyCount "101"]
[[Date "2024.08.01"]]

1. d4 d5 2. c4 e6 3. Nc3 c5 4. cxd5 exd5 5. Nf3 Nf6 6. Bg5 Be6 7. g3 Nc6 8. Bg2
Be7 9. dxc5 h6 10. Be3 Ng4 11. Bd4 Nxd4 12. Nxd4 Bxc5 13. e3 Nf6 14. Nxe6 fxe6
15. Qb3 Qb6 16. Qc2 O-O 17. O-O Rac8 18. Na4 Qc6 19. Rac1 Bd6 20. Qxc6 Rxc6 21.
Rxc6 bxc6 22. Rc1 Rc8 23. Nc5 Kf7 24. Nxe6 Rb8 25. Nd4 c5 26. Nf5 Bf8 27. b3 a5
28. Rd1 g6 29. Nh4 g5 30. Nf3 Ke6 31. Nd2 a4 32. Rb1 c4 33. bxc4 Rxb1+ 34. Nxb1
dxc4 35. Kf1 Bb4 36. Ke2 Kd6 37. h3 Nd7 38. Be4 Nc5 39. Bc2 a3 40. Nd2 Kd5 41.
f4 gxf4 42. gxf4 Na6 43. Nxc4 Kxc4 44. Bd3+ Kd5 45. Bxa6 Bc3 46. Kd3 Be1 47.
Bc4+ Kd6 48. Ke4 Bd2 49. Bb3 Ke7 50. Kf3 Be1 51. e4 1-0